• 首页
  • 本馆介绍
  • 公告通知
  • 最新文献
  • 馆藏检索
  • 电子资源
  • 读者导购
  • 参考咨询
  • 我的图书馆
  • 登录
  • 详细信息显示
  • 放入我的书架
  • 预约/预借图书
  • 作者相关作品
  • 分类相关作品
  • 丛书相关作品
  • 出版社相关作品

书目信息

  • 表格格式
  • 工作单格式
  • 卡片格式
题名:
杨家将演义
    
 
作者: 秦淮墨客 校订
分册:  
出版信息: 北京   北京出版社  1981
页数: 415页
开本: 19cm
丛书名:
单 册:
中图分类: I242.43 , I242.4
科图分类:
主题词: 古典小说--中国--古代 , 章回小说--中国--古代 , 长篇小说--中国--古代
电子资源:
ISBN:
000 00733nam0 2200277 45
001 0181001911
005 20040419104713.8
010    @dCNY1.35
091    @a10071.313
100    @a19950608d1981 em y0chiy0121 ea
101 0  @achi
102    @aCN@b110000
105    @af z 000ay
106    @ar
200 10 @a杨家将演义@Ayang jia jiang yan yi@f秦淮墨客校订
210    @a北京@c北京出版社@d1981
215    @a415页@c插图@d19cm
606    @a古典小说@y中国@z古代
606    @a章回小说@y中国@z古代
606    @a长篇小说@y中国@z古代
690    @aI242.43@v3
690    @aI242.4
701  0 @a秦淮墨客@Aqin huai mo ke@4校订
801  0 @aCN@b上海图书馆@c20040419
801  2 @aCN@bNLC@c20040419
905    @f1@b41431@dI242.4@e69
    
    杨家将演义/秦淮墨客校订.-北京:北京出版社,1981
    415页:插图;19cm
    
    
    ISBN :CNY1.35
    
●
相关链接 在E读中查询图书 在五车中查询图书 在当当中查询图书 在豆瓣中查询图书


正题名:杨家将演义     索取号:I242.4/69         预约/预借

序号 登录号 条形码 馆藏地/架位号 状态 备注
1 0041428   000110258   第二借阅区/ [索取号:I242.4/69] 在馆    
2 0041429   000110221   第二借阅区/ [索取号:I242.4/69] 在馆    
3 0041430   000110230   第二借阅区/ [索取号:I242.4/69] 在馆    
4 0041431   000110249   第二借阅区/ [索取号:I242.4/69] 在馆    
唐山师范学院图书馆 欢迎您!
大连网信软件有限公司© 版权所有